1747 1201 1569 1091 1513 1847 1777 1265 1134 1362 1592 1386 1330 1434 1601 1928 1409 1751 1291 1677 1746 1102 1636 1847 1173 1235 1466 1223 1633 1914 1102 1582 1970 1490 1176 1064 1691 1444 1533 1096 1499 1472 1955 1760 1353 1821 1514 1967 1736 1743 1624 1833 1974 1642 1567 1214 1070 1030 1382 1611 1464 1190 1834 1460 1614 1480 1009 1553 1590 1490 1933 1223 1390 1028 1044 1507 1071 1486 1855 1474 1149 1706 1267 1142 1453 1013 1336 1388 1491 1499 1055 1044 1705 1031 1477 1027 1459 1786 1993 BCNSPRNW ULIB Ver.6.0+V

เปลี่ยนเป็นภาษาไทย

Change to English
 แสดงรายละเอียดบรรณานุกรม
  กลับหน้าหลัก

Brief Record : Get Marc (ISO 2709) : E-mail record : QR code < ปิดหน้าต่าง
LEADER : 00000nam 2200000uu 4500
001    13399114323
003     ULIB
008    120321s2550||||th 000 0 tha d
020    ^a9789747446593
090    ^aนว.^bw111อ 2550
100 0  ^aเมเปิ้ลสีขาว
245 00 ^aอาทิตย์แรกแห่งพันต์/^cเมเปิ้ลสีขาว
250    ^aพิมพ์ครั้งที่ 1
260    ^aกรุงเทพฯ :^bแจ่มใส,^c2550
300    ^a300 หน้า
710 1  ^aแจ่มใส
945    ^p189^l0^i14511
995    ^aกัณชพร
999    ^aใช้งานได้ทุกระบบ
รายการนี้ยังไม่มีแท็ก
คุณยังไม่ได้ล็อกอิน คุณสามารถมีกิจกรรมร่วมกับเว็บไซต์ได้ แต่ต้องล็อกอินก่อน ::
  ล็อกอิน

รายการสื่อสารสนเทศ

ลำดับที่ ประเภท เลขเรียก/บาร์โค้ด สถานที่ สถานะ
1. นวนิยาย
นวนิยาย
นว. w111อ 2550  
  Barcode: 14511
ห้องสมุดวิทยาเขตสวรรค์ประชารักษ์
►นวนิยาย
บนชั้น
  ขอยืม

รายการใกล้เคียง
    ผู้แต่ง [เมเปิ้ลสีขาว]

BibComment


ยังไม่เคยถูกคอมเมนท์

คอมเมนท์ทรัพยากรรายการนี้
  คอมเมนท์: อาทิตย์แรกแห่งพั..


 Copyright 2026. Bcnsprnw @Library